3 Biggest Cities in each Region of Haiti - Statistics

General Stats
  • This quiz has been taken 5 times
  • The average score is 12 of 30
Answer Stats
Region + Rank Population City % Correct
Ouest 1 3,489,620 Port-au-Prince
100%
Sud 2 28,151 Aquin
50%
Nord 1 521,973 Cap-Haïtien
50%
Ouest 2 706,249 Carrefour
50%
Ouest 3 341,064 Croix-des-Bouquets
50%
Nord-Est 3 46,738 Fort-Liberté
50%
Artibonite 1 417,306 Gonaïves
50%
Centre 1 110,540 Hinche
50%
Sud-Est 1 203,388 Jacmel
50%
Grand'Anse 1 151,539 Jérémie
50%
Sud 1 145,119 Les Cayes
50%
Nord 3 41,062 Limonade
50%
Nippes 1 67,372 Miragoâne
50%
Nord-Ouest 1 320,055 Port-de-Paix
50%
Artibonite 2 252,816 Saint-Marc
50%
Sud-Est 2 38,025 Anse-à-Pitres
25%
Nippes 3 15,508 Anse-à-Veau
25%
Grand'Anse 2 27,156 Anse-d'Hainault
25%
Grand'Anse 3 22,107 Dame-Marie
25%
Nord-Ouest 3 32,850 Jean-Rabel
25%
Sud 3 21,095 Les Anglais
25%
Nord 2 50,086 Limbé
25%
Sud-Est 3 29,013 Marigot
25%
Centre 2 103,166 Mirebalais
25%
Nord-Est 1 129,401 Ouanaminthe
25%
Nord-Ouest 2 51,317 Saint-Louis-du-Nord
25%
Artibonite 3 73,160 Saint-Michel-de-l'Attalaye
25%
Nippes 2 19,750 St Michel Du Sud
25%
Centre 3 61,012 Thomassique
25%
Nord-Est 2 53,015 Trou-du-Nord
25%
No matching quizzes found
Score Distribution
Percent of People with Each Score
Percentile by Number Answered
Your Score History
You have not taken this quiz